(24) - 50 villes les plus peuplées de la Dordogne (24) - Statistiques

Statistiques générales
  • Ce quiz a été pris 22 fois
  • Le résultat moyen est 14 sur 50
Statistiques - réponses
nombre d'habitant ville % Correct
29 055 Périgueux
100%
27 110 Bergerac
90%
8 763 Sarlat-la-Canéda
90%
10 759 Boulazac Isle Manoire
60%
3 057 Nontron
60%
3 763 Brantôme en Périgord
55%
7 372 Trélissac
55%
2 762 Montignac-Lascaux
45%
3 734 Ribérac
45%
5 866 Montpon-Ménestérol
40%
2 771 Mussidan
40%
2 663 Le Bugue
35%
3 187 Marsac-sur-l'Isle
35%
3 687 Neuvic
35%
6 218 Terrasson-Lavilledieu
35%
2 876 Thiviers
35%
3 126 Champcevinel
30%
4 468 Chancelade
30%
2 326 Mareuil en Périgord
30%
7 832 Coulounieix-Chamiers
25%
1 743 Creysse
25%
2 376 Razac-sur-l'Isle
25%
5 376 Saint-Astier
25%
2 702 La Force
20%
2 931 Lalinde
20%
2 742 Lamonzie-Saint-Martin
20%
1 965 Le Buisson-de-Cadouin
20%
4 374 Prigonrieux
20%
2 080 Saint-Léon-sur-l'Isle
20%
1 773 Vergt
20%
1 765 Agonac
15%
4 361 Bassillac et Auberoche
15%
2 158 Château-l'Évêque
15%
2 380 Coursac
15%
3 060 La Roche-Chalais
15%
1 672 Le Lardin-Saint-Lazare
15%
1 618 Saint-Médard-de-Mussidan
15%
4 757 Sanilhac
15%
1 586 Carsac-Aillac
10%
2 569 Eymet
10%
1 608 Gardonne
10%
1 928 Ménesplet
10%
1 678 Rouffignac-Saint-Cernin-de-Reilhac
10%
1 742 Tocane-Saint-Apre
10%
1 733 Beaumontois en Périgord
5%
2 520 Port-Sainte-Foy-et-Ponchapt
5%
1 795 Saint-Pierre-d'Eyraud
5%
1 650 Sorges et Ligueux en Périgord
5%
1 703 Eyraud-Crempse-Maurens
0%
1 784 Saint-Antoine-de-Breuilh
0%
Aucun quiz correspondant
Distribution des résultats
% des personnes avec chaque résultat
Percentile par nombre de réponses
Votre historique - résultats
Vous n’avez pas pris ce quiz